Mathematical Finance An International Journal of Mathematics,Statistics and Financial Economics

Uložené v:
Podrobná bibliografia
Médium: Seriál
Jazyk:English
Vydavateľské údaje: Malden Blackwell Publ.
Predmet:
Tagy: Pridať tag
Žiadne tagy, Buďte prvý, kto otaguje tento záznam!

MARC

LEADER 00000nas1a2200000 4500
001 s122016
005 20250701092104.5
022 |a 0960-1627 
022 |a 1467-9965 
041 0 |a eng 
044 |a US 
245 1 0 |a Mathematical Finance  |b An International Journal of Mathematics,Statistics and Financial Economics 
264 1 |a Malden  |b Blackwell Publ. 
610 2 0 |a matematika finančná 
610 2 0 |a štatistika 
610 2 0 |a financie